| 000 | 01478cam a22001814a 4500 | ||
|---|---|---|---|
| 005 | 20250605164012.0 | ||
| 008 | 250528s ||||||||||||||||||||||||d | ||
| 035 | _a16004 | ||
| 040 |
_aGR-AtMCL _bgre _dGR-AtMCL _eAACR2 |
||
| 245 | 1 | _aΈρευνα Μάρκετινγκ / Τεχνική στην Ανάπτυξη Project: Θεωρία και Πράξη | |
| 260 |
_bInterbooks, _c1989 |
||
| 300 | _a208 | ||
| 520 | _aΚατευθύνσεις για τη διεξαγωγή μιας ποιοτικής και επιτυχημένης Έρευνας Μάρκετινγκ. Πρόλογος, Έρευνα Μάρκετινγκ, Εισαγωγή στην Επιστήμη της Έρευνας Μάρκετινγκ, Προκαταρκτική Έρευνα, Πλάνο Έρευνας, Τρόποι - Μέθοδοι Συγκέντρωσης των Πρωτογενών Στοιχείων, Διάφορα Είδη Ερωτήσεων και Κανόνες Σύνταξης του Ερωτηματολογίου, Δειγματοληψία, Κώδικας Δεοντολογίας, Παρουσίαση της Τελικής Έκθεσης μετά από μια Έρευνα Μάρκετινγκ, Ποιοτική Έρευνα, Τεχνική στην Ανάπτυξη Project, Προκαταρκτική Έρευνα, Η Πραγματοποίηση της Έρευνας. | ||
| 700 | 1 |
_aΠετράκης Μιχάλης Γ _92053 |
|
| 942 | _cBK | ||
| 999 |
_c1549 _d1549 |
||